Brain-computer interface

Uložené v:
Podrobná bibliografia
Hlavný autor: Kirić, Jelena (Autor)
Ďalší autori: Vargic, Radoslav (Vedúci práce)
Médium: Rukopis Kniha
Jazyk:Slovak
English
Vydavateľské údaje: Bratislava : STU v Bratislave FEI, 2021
Predmet:
On-line prístup:https://opac.crzp.sk/?fn=detailBiblioForm&sid=FD5533CA5E14D63E40BC68E9A2AD&seo=CRZP-detail-kniha
Tagy: Pridať tag
Žiadne tagy, Buďte prvý, kto otaguje tento záznam!

MARC

LEADER 00000ntm a22000003a 4500
001 stuzp82662
003 SK-STU
005 20210902105251.6
007 ta
008 150427s2015----xo-----f-mn---000-0-slo-d
040 |a STU  |b slo 
041 0 |a eng 
044 |a xo 
100 1 |a Kirić, Jelena  |u 037000  |4 aut  |U FEI Fakulta elektrotechniky a informatiky  |U FEI Fakulta elektrotechniky a informatiky  |T FEI Ústav multimediálnych informačných a komunikačných technológií  |X 98862  |U E070  |Y 818  |7 98862 
242 0 1 |a Rozhranie mozog-počítač  |y slo 
245 1 0 |a Brain-computer interface 
260 |a Bratislava :  |b STU v Bratislave FEI,  |c 2021 
300 |a 34 s. 
650 4 |a Rozhranie mozog-počítač  |2 slo 
650 4 |a EEG  |2 slo 
650 4 |a P300  |2 slo 
650 4 |a Brain-computer interface  |2 eng 
650 4 |a EEG  |2 eng 
650 4 |a P300  |2 eng 
700 1 |a Vargic, Radoslav  |u 037000  |k Z1  |4 ths  |U FEI Fakulta elektrotechniky a informatiky  |U FEI Fakulta elektrotechniky a informatiky  |T FEI Ústav multimediálnych informačných a komunikačných technológií  |X 1918  |U E070  |Y 818  |7 A000001918 
856 4 |u https://opac.crzp.sk/?fn=detailBiblioForm&sid=FD5533CA5E14D63E40BC68E9A2AD&seo=CRZP-detail-kniha